|
|
|
|
| LEADER |
00000cam a22000002c 4500 |
| 001 |
1840045744 |
| 003 |
DE-627 |
| 005 |
20250708100836.0 |
| 007 |
cr uuu---uuuuu |
| 008 |
230324s2009 xx |||||os 00| ||eng c |
| 024 |
7 |
|
|a 10.3886/ICPSR24069.v3
|2 doi
|
| 035 |
|
|
|a (DE-627)1840045744
|
| 035 |
|
|
|a (DE-599)KXP1840045744
|
| 040 |
|
|
|a DE-627
|b ger
|c DE-627
|e rda
|
| 041 |
|
|
|a eng
|
| 084 |
|
|
|a 2,1
|2 ssgn
|
| 110 |
2 |
|
|a USA
|b Bureau of Justice Statistics
|e VerfasserIn
|0 (DE-588)128916-0
|0 (DE-627)102383049
|0 (DE-576)190702192
|4 aut
|
| 245 |
1 |
0 |
|a Federal Justice Statistics Program: Arrests and Bookings for Federal Offenses, 1998 (United States)
|
| 264 |
|
1 |
|a [Erscheinungsort nicht ermittelbar]
|b [Verlag nicht ermittelbar]
|c 2009
|
| 336 |
|
|
|a Text
|b txt
|2 rdacontent
|
| 337 |
|
|
|a Computermedien
|b c
|2 rdamedia
|
| 338 |
|
|
|a Online-Ressource
|b cr
|2 rdacarrier
|
| 520 |
|
|
|a The data contain records of arrests and bookings for federal offenses in the United States during fiscal year 1998. The data were constructed from the United States Marshals Service (USMS) Prisoner Tracking System database. Records include arrests made by federal law enforcement agencies (including the USMS), state and local agencies, and self-surrenders. Offenders arrested for federal offenses are transferred to the custody of the USMS for processing, transportation, and detention. The Prisoner Tracking System contains data on all offenders within the custody of the USMS. The data file contains variables from the original USMS files as well as additional analysis variables, or "SAF" variables, that denote subsets of the data. These SAF variables are related to statistics reported in the Compendium of Federal Justice Statistics, Tables 1.1-1.3. Variables containing identifying information (e.g., name, Social Security Number) were replaced with blanks, and the day portions of date fields were also sanitized in order to protect the identities of individuals. These data are part of a series designed by the Urban Institute (Washington, DC) and the Bureau of Justice Statistics. Data and documentation were prepared by the Urban Institute.
|
| 540 |
|
|
|a ICPSR Terms of Use
|
| 650 |
0 |
7 |
|0 (DE-588)4154191-1
|0 (DE-627)105525278
|0 (DE-576)209809299
|a Festnahme
|2 gnd
|
| 650 |
0 |
7 |
|0 (DE-588)4057799-5
|0 (DE-627)10614944X
|0 (DE-576)209123745
|a Straftat
|2 gnd
|
| 650 |
0 |
7 |
|0 (DE-588)4057788-0
|0 (DE-627)104540796
|0 (DE-576)209123710
|a Strafgefangener
|2 gnd
|
| 650 |
0 |
7 |
|0 (DE-588)4058881-6
|0 (DE-627)106145592
|0 (DE-576)209128313
|a Täter
|2 gnd
|
| 650 |
|
4 |
|a arrest records
|
| 650 |
|
4 |
|a Arrests
|
| 650 |
|
4 |
|a federal offenses
|
| 650 |
|
4 |
|a federal prisoners
|
| 650 |
|
4 |
|a Offenders
|
| 655 |
|
7 |
|a Statistik
|y 1998
|z USA
|0 (DE-588)4056995-0
|0 (DE-627)106152955
|0 (DE-576)209119799
|2 gnd-content
|
| 655 |
|
7 |
|a Forschungsdaten
|0 (DE-588)1098579690
|0 (DE-627)857755366
|0 (DE-576)469182156
|2 gnd-content
|
| 787 |
0 |
8 |
|i Forschungsdaten zu
|a Lundberg, Alexander
|t Do Judges Vary Their Burden of Proof? Evidence from Federal Bench Trials
|d [Erscheinungsort nicht ermittelbar] : [Verlag nicht ermittelbar], 2016
|w (DE-627)1912520222
|
| 787 |
0 |
8 |
|i Forschungsdaten zu
|a Yang, Crystal
|t Essays in Law and Economics
|d [Erscheinungsort nicht ermittelbar] : Harvard University, 2013
|w (DE-627)1912539144
|
| 787 |
0 |
8 |
|i Forschungsdaten zu
|a Yang, Crystal
|t Free at Last? Judicial Discretion and Racial Disparities in Federal Sentencing
|d Coase-Sandor Institute for Law and Economics, 2013
|w (DE-627)1912562146
|
| 787 |
0 |
8 |
|i Forschungsdaten zu
|a Lundberg, Alexander
|t Resolving the Conviction Paradox: Federal Judges and Shifting Burdens of Proof
|d [Erscheinungsort nicht ermittelbar] : [Verlag nicht ermittelbar], 2017
|w (DE-627)1912687828
|
| 787 |
0 |
8 |
|i Forschungsdaten zu
|a Chen, Daniel L.
|t Who is Responsible for Racial Sentencing Disparities? New Evidence From Linked Federal and State Court Sentencing Decisions
|d [Erscheinungsort nicht ermittelbar] : [Verlag nicht ermittelbar], 2021
|w (DE-627)1912749696
|
| 856 |
4 |
0 |
|u https://doi.org/10.3886/ICPSR24069.v3
|x Resolving-System
|z kostenfrei
|3 Volltext
|7 0
|
| 935 |
|
|
|a mkri
|
| 951 |
|
|
|a BO
|
| ELC |
|
|
|a 1
|
| LOK |
|
|
|0 000 xxxxxcx a22 zn 4500
|
| LOK |
|
|
|0 001 4296793098
|
| LOK |
|
|
|0 003 DE-627
|
| LOK |
|
|
|0 004 1840045744
|
| LOK |
|
|
|0 005 20230324125152
|
| LOK |
|
|
|0 008 230324||||||||||||||||ger|||||||
|
| LOK |
|
|
|0 035
|a (DE-2619)ICPSR24069
|
| LOK |
|
|
|0 040
|a DE-2619
|c DE-627
|d DE-2619
|
| LOK |
|
|
|0 092
|o n
|
| LOK |
|
|
|0 852
|a DE-2619
|
| LOK |
|
|
|0 852 1
|9 00
|
| LOK |
|
|
|0 935
|a stat
|a foda
|a nacj
|
| LOK |
|
|
|0 939
|a 24-03-23
|b l01
|
| OAS |
|
|
|a 1
|
| ORI |
|
|
|a SA-MARC-krimdoka001.raw
|
| TIM |
|
|
|a 100019980101_100019981231
|b 1998 - 1998
|